Online
Catalog

El equilibrio racial en América Latina. / (Record no. 35233)

MARC details
000 -CABECERA
campo de control de longitud fija 01034nam a2200241 a 4500
001 - NÚMERO DE CONTROL
campo de control 000035742
005 - FECHA Y HORA DE LA ÚLTIMA TRANSACCIÓN
campo de control 20200930074557.0
008 - DATOS DE LONGITUD FIJA--INFORMACIÓN GENERAL
campo de control de longitud fija 111109s1963 ag 000 0 spa d
040 ## - FUENTE DE LA CATALOGACIÓN
Centro catalogador/agencia de origen DO-SdBNP
Lengua de catalogación spa
Centro/agencia transcriptor BNPHU
082 ## - NÚMERO DE LA CLASIFICACIÓN DECIMAL DEWEY
Número de clasificación 323.198
Número de documento/Ítem F352e
100 1# - ENTRADA PRINCIPAL--NOMBRE DE PERSONA
Nombre de persona Ferguson, J. Halcro
9 (RLIN) 61687
240 10 - TÍTULO UNIFORME
Título uniforme Latin America the balance of race redressed
245 13 - MENCIÓN DE TÍTULO
Título El equilibrio racial en América Latina. /
Mención de responsabilidad, etc. J. Halcro Ferguson ; traducida por el doctor Horacio Martínez ; prólogo Philip Mason.
260 ## - PUBLICACIÓN, DISTRIBUCIÓN, ETC.
Lugar de publicación, distribución, etc. Buenos Aires :
Nombre del editor, distribuidor, etc. Editorial Universitaria de Buenos Aires :,
Fecha de publicación, distribución, etc. 1963.
490 1# - MENCIÓN DE SERIE
Mención de serie Biblioteca de América; Libros del tiempo nuevo
Designación de volumen o secuencia 17
504 ## - NOTA DE BIBLIOGRAFÍA, ETC.
Nota de bibliografía, etc. Bibliografía : p. 125-127
590 ## - NOTA LOCAL (RLIN)
Nota local Perteneció a la biblioteca personal de Juan Isidro Jimenes Grullón
651 #4 - PUNTO DE ACCESO ADICIONAL DE MATERIA--NOMBRE GEOGRÁFICO
Nombre geográfico América Latina
Subdivisión general Relaciones Raciales
9 (RLIN) 21231
700 12 - PUNTO DE ACCESO ADICIONAL--NOMBRE DE PERSONA
Nombre de persona Martínez, Horacio,
Término indicativo de función/relación tr.
9 (RLIN) 61171
700 12 - PUNTO DE ACCESO ADICIONAL--NOMBRE DE PERSONA
Nombre de persona Mason, Philip,
Término indicativo de función/relación pról.
9 (RLIN) 61688
830 #0 - PUNTO DE ACCESO ADICIONAL DE SERIE-TÍTULO UNIFORME
Título uniforme Biblioteca de América; Libros del tiempo nuevo
Designación de volumen o secuencia 17
9 (RLIN) 61689
910 ## - DATOS DE OPCIÓN DEL USUARIO (OCLC)
Datos de opción del usuario Validado. Control de calidad MFF
Holdings
Estado de retiro Estado de pérdida Restricciones de uso No para préstamo Código de colección Localización permanente Ubicación/localización actual Ubicación en estantería Fecha de adquisición Número de inventario Total de préstamos Signatura topográfica completa Código de barras Fecha visto por última vez Precio válido a partir de Tipo de ítem Koha Nota pública
      Excluido de préstamo Monografías: Libros y Folletos General General Depósito 09.11.2011 LF1   323.198 F352e 35742-10 25.06.2020 25.06.2020 No se presta Perteneció a la biblioteca personal de Juan Isidro Jimenes -Grullón

Powered by Koha